000 00458nam a2200157 4500
001 123287
003 ES-MaACL
005 20230906192138.0
007 t|
008 070214s1951 sp r ||||0| spa d
100 1 _aQuesada Martín, Manuel.
_994568
245 1 0 _aElemento de estadística /
_cManuel Quesada Martín.
260 _aAlicante :
_b[s.n.],
_c1951 (
_fArtes Gráficas)
300 _a222 p :
_bil ;
_c21 cm.
852 _aES-MaACL
_jD-6035
_bR.32329
999 _c123287
_d123287